| 000 | 00518cam a2200145 4500500 | ||
|---|---|---|---|
| 005 | 20260208002342.0 | ||
| 041 | _afre | ||
| 042 | _adc | ||
| 100 | 1 | 0 |
_aBertrand, Frédéric _eauthor |
| 245 | 0 | 0 | _aÉric Chauvier, Profession anthropologue, Bordeaux, William Blake & Co, 2004, 179 p., bibl., index |
| 260 | _c2005. | ||
| 500 | _a95 | ||
| 786 | 0 | _nL'Homme | 175-176 | 3 | 2005-07-01 | p. 475f-572f | 0439-4216 | |
| 856 | 4 | 1 | _uhttps://shs.cairn.info/revue-l-homme-2005-3-page-475f?lang=fr&redirect-ssocas=7080 |
| 999 |
_c1645975 _d1645975 |
||